00760nam a2200205 i 450000100060000000300090000600500170001500700030003200800410003510000420007624500490011826000630016730000220023049000470025265000410029983000550034085200210039599900170041695201210043389768ES-MaACL20230906180250.0t|050112s1906 fr ||||1| fre d1 aLaunay, Louis de (d1860-1938)97060312aL'Histoire de la Terre / cpar L. de Launay. aParis : bErnest Flammarion, c1906 (fHemmerlé et Cie.) a312 p. ; c19 cm.1 aBibliothèque de philosophie scientifique 4aTierra (Planeta)-vHistoria.91841240 aBibliothèque de philosophie scientifique9181135 aES-MaACLjF-6110 c89768d89768 00104070aATENEOMbATENEOMcDEPO2d2008-01-17eSCl0oF-6110p1093750r2023-02-23 00:00:00w2023-02-23yMONOGRAFIA